000 00281nam a22001337a 4500
008 170623b xxu||||| |||| 00| 0 eng d
020 _a9780307275660
041 _aeng
080 _a94
100 _a21
101 _aSHP
245 _aDESCARTE BONES
_cSHORTO.R
942 _2udc
_cBK
999 _c18878
_d18878